Структурная организация бульбарного отдела сердечно-сосудистого центра (Запись № 4789896)
[ простой вид ]
| 000 -МАРКЕР | |
|---|---|
| контрольное поле | 01969nam0a2200361 i 4500 |
| 001 - ИДЕНТИФИКАТОР ЗАПИСИ | |
| контрольное поле | RU\NLR\bibl\2084367 |
| 005 - ИДЕНТИФИКАТОР ВЕРСИИ | |
| контрольное поле | 20241103015853.0 |
| 010 ## - МЕЖДУНАРОДНЫЙ СТАНДАРТНЫЙ НОМЕР КНИГИ (ISBN) | |
| Номер (ISBN) | 9785983010499 |
| Тираж | 500 |
| 021 ## - НОМЕР ГОСУДАРСТВЕННОЙ РЕГИСТРАЦИИ | |
| Код страны | российская федерация |
| Номер | 2013-74220 |
| Номер Листа государственной регистраци | 5092 |
| 035 ## - ДРУГИЕ СИСТЕМНЫЕ НОМЕРА | |
| Идентификатор записи | (NLR Aleph) 002074502 |
| 100 ## - ДАННЫЕ ОБЩЕЙ ОБРАБОТКИ | |
| Данные общей обработки | 20130916d2013 u y0rusy50 ca |
| 101 0# - ЯЗЫК РЕСУРСА | |
| Язык текста, звукозаписи и т.д. | русский |
| 102 ## - СТРАНА ПУБЛИКАЦИИ ИЛИ ПРОИЗВОДСТВА | |
| Страна публикации | российская федерация |
| 105 ## - ПОЛЕ КОДИРОВАННЫХ ДАННЫХ: ТЕКСТОВЫЕ МАТЕРИАЛЫ, МОНОГРАФИЧЕСКИЕ | |
| Кодированные данные о монографическом текстовом документе | y z |00yy |
| 200 1# - ЗАГЛАВИЕ И СВЕДЕНИЯ ОБ ОТВЕТСТВЕННОСТИ | |
| Основное заглавие | Структурная организация бульбарного отдела сердечно-сосудистого центра |
| Параллельное заглавие | Structural organization of bulbar part cardiovascular center |
| Первые сведения об ответственности | В. М. Черток, А. Е. Коцюба |
| Последующие сведения об ответственности | М-во здравоохранения Рос. Федерации, Тихоокеан. гос. мед. ун-т |
| Язык параллельного заглавия | английский |
| 210 ## - ПУБЛИКАЦИЯ, РАСПРОСТРАНЕНИЕ И ДР. | |
| Место издания, распространения и т.д. | Владивосток |
| Имя издателя, распространителя и т. д. | Медицина ДВ |
| Дата издания, распространения и т.д. | 2013 |
| 215 ## - ФИЗИЧЕСКАЯ ХАРАКТЕРИСТИКА | |
| Специфическое обозначение материала и объем | 162, [1] с. |
| Другие сведения о физической характеристике | ил., цв. ил. |
| Размеры | 22 |
| 300 ## - ОБЩИЕ ПРИМЕЧАНИЯ | |
| Текст примечания | Авт. также на англ. яз.: V.M. Chertok, A.E. Kotsyuba |
| 320 ## - ПРИМЕЧАНИЯ О НАЛИЧИИ В ДОКУМЕНТЕ БИБЛИОГРАФИИ / УКАЗАТЕЛЯ | |
| Текст примечания | Библиогр.: с. 142-162 (275 назв.) |
| 510 1# - ПАРАЛЛЕЛЬНОЕ ЗАГЛАВИЕ | |
| Связь между полями | z20790 |
| Параллельное заглавие | Structural organization of bulbar part cardiovascular center |
| Язык заглавия | английский |
| 606 1# - НАИМЕНОВАНИЕ ТЕМЫ КАК ПРЕДМЕТ | |
| Наименование темы | Сердечно-сосудистый центр |
| Тематический подзаголовок | Анатомия |
| Системный номер авторитетной/нормативной записи | 2188512 |
| Идентификатор авторитетной/нормативной записи | RU\NLR\AUTH\6601551643 |
| 606 ## - НАИМЕНОВАНИЕ ТЕМЫ КАК ПРЕДМЕТ | |
| Наименование темы | Сердечно-сосудистый центр |
| Тематический подзаголовок | Физиология |
| Системный номер авторитетной/нормативной записи | 1969784 |
| Идентификатор авторитетной/нормативной записи | RU\NLR\AUTH\66902432 |
| 686 1# - ИНДЕКСЫ ДРУГИХ КЛАССИФИКАЦИЙ | |
| Индекс | Е864.417.76 |
| 686 1# - ИНДЕКСЫ ДРУГИХ КЛАССИФИКАЦИЙ | |
| Индекс | Е991.770.11 |
| 700 #1 - ИМЯ ЛИЦА - ПЕРВИЧНАЯ ОТВЕТСТВЕННОСТЬ | |
| Графика поля | Кириллица |
| Материалы, к которым относится поле | rus |
| Начальный элемент ввода | Черток |
| Часть имени, кроме начального элемента ввода | В. М. |
| Даты | 1947- |
| Расширение инициалов личного имени | Виктор Михайлович |
| Системный номер авторитетной/нормативной записи | 134650 |
| Идентификатор авторитетной/нормативной записи | RU\NLR\AUTH\770134684 |
| 701 #1 - ИМЯ ЛИЦА - АЛЬТЕРНАТИВНАЯ ОТВЕТСТВЕННОСТЬ | |
| Графика поля | Кириллица |
| Материалы, к которым относится поле | rus |
| Начальный элемент ввода | Коцюба |
| Часть имени, кроме начального элемента ввода | А. Е. |
| Дополнения к именам, кроме дат | канд. мед. наук |
| Расширение инициалов личного имени | Александр Евгеньевич |
| Системный номер авторитетной/нормативной записи | 134651 |
| Идентификатор авторитетной/нормативной записи | RU\NLR\AUTH\770134685 |
| 790 #1 - ИМЯ ЛИЦА - АЛЬТЕРНАТИВНАЯ ФОРМА | |
| Графика поля | Латинская |
| Материалы, к которым относится поле | rus |
| Начальный элемент ввода | Čertok |
| Часть имени, кроме начального элемента ввода | V. M. |
| Даты | 1947- |
| Расширение инициалов личного имени | Viktor Michajlovič |
| Системный номер авторитетной/нормативной записи | 134648 |
| Идентификатор авторитетной/нормативной записи | RU\NLR\AUTH\770134682 |
| 790 #1 - ИМЯ ЛИЦА - АЛЬТЕРНАТИВНАЯ ФОРМА | |
| Графика поля | Латинская |
| Материалы, к которым относится поле | rus |
| Начальный элемент ввода | Kocjuba |
| Часть имени, кроме начального элемента ввода | A. E. |
| Дополнения к именам, кроме дат | канд. мед. наук |
| Расширение инициалов личного имени | Aleksandr Evgen'evič |
| Системный номер авторитетной/нормативной записи | 134652 |
| Идентификатор авторитетной/нормативной записи | RU\NLR\AUTH\770134686 |
| 942 ## - ДОПОЛНИТЕЛЬНЫЕ ЭЛЕМЕНТЫ ЗАПИСИ (АБИС) | |
| Тип экземпляра АБИС | Книга |
| 980 ## - КОЛЛЕКЦИЯ | |
| Название коллекции | НБР |
Нет доступных экземпляров.